Pierid butterflies of the genera Hypsochila ureta, Phulia herrich - schõffer, Infraphulia field, Pierphulia field, and Piercolias staudinger (Registro nro. 2322)

Detalles MARC
000 -CABECERA
Campo de control 00680nam a2200205 a 4500
005 - FECHA Y HORA DE LA ULTIMA TRANSACCION
Campo de control 20140305095651.0
008 - ELEMENTOS DE LONGITUD FIJA—INFORMACION GENERAL
Campo de control 140305b1977 nyu||||| |||| 00| 0 eng d
041 ## - IDIOMA
Código de idioma para texto/pista de sonido o título separado Inglés
090 ## - CLASIFICACIÓN LOCAL
Colección LB
Consecutivo 02145
100 ## - ASIENTO PRINCIPAL--NOMBRE PERSONAL
Nombre personal Field, William D.
245 ## - MENCION DE TITULO
Título Pierid butterflies of the genera Hypsochila ureta, Phulia herrich - schõffer, Infraphulia field, Pierphulia field, and Piercolias staudinger
260 ## - PUBLICACION, DISTRIBUCION, ETC. (PIE DE IMPRENTA)
Lugar de publicación, distribución, etc. Nueva York
Nombre del editor, distribuidor, etc. Smithsonian Institution Press
Fecha de publicación, distribución, etc. 1977
300 ## - DESCRIPCION FISICA
Extensión 64
650 ## - ASIENTO SECUNDARIO DE MATERIA - TERMINO TEMATICO
Término temático o nombre geográfico como elemento de entrada Lepidoptera
650 ## - ASIENTO SECUNDARIO DE MATERIA - TERMINO TEMATICO
Término temático o nombre geográfico como elemento de entrada Zoogeografía
650 ## - ASIENTO SECUNDARIO DE MATERIA - TERMINO TEMATICO
Término temático o nombre geográfico como elemento de entrada Historia natural
650 ## - ASIENTO SECUNDARIO DE MATERIA - TERMINO TEMATICO
Término temático o nombre geográfico como elemento de entrada Claves taxonómicas
700 ## - ASIENTO SECUNDARIO - NOMBRE PERSONAL
Nombre personal Herrera, José
942 ## - ELEMENTOS ADICIONALES (KOHA)
Tipo de ítem CD-ROM
Sistema de clasificación Dewey Decimal Classification
Existencias
Withdrawn status Lost status Sistema de Clasificación Damaged status No para préstamo Colección Inventariado Ubicación Permanente Ubicación actual Fecha de adquisición Fuente de Valor Valor Total Checkouts Número topográfico Inventario / Código de Barras Date last seen Ejemplar Price effective from Forma de adquisición Tipo de material
    Local     Entomología Inventariado 2017 Villa de Leyva Villa de Leyva 08/06/2001 Amazon 50000.00   LB-02145 002882 04/12/2012 Ej. 1 04/12/2012   Libro